[Event "Barcelona Tres Peons IM"]
[Site "Barcelona"]
[Date "2021.11.08"]
[Round "8"]
[White "Aranda Flores, Jordi"]
[Black "Valenzuela Gomez, Fernando Alberto"]
[Result "0-1"]
[WhiteElo "2176"]
[BlackElo "2358"]
[PlyCount "58"]
[EventDate "2021.09.20"]
[EventType "tourn"]
[EventRounds "9"]
[EventCountry "ESP"]
[EventCategory "2"]
[SourceTitle "EXT 2023"]
[Source "ChessBase"]
[SourceDate "2022.10.05"]
[SourceVersion "1"]
[SourceVersionDate "2022.10.05"]
[SourceQuality "1"]

1. Nf3 d5 2. g3 b6 3. Bg2 Bb7 4. 0-0 Nd7 5. d4 e6 6. b3 Ngf6 7. Bb2 c5 8. Nbd2 Be7 9. c4 0-0 10. Rc1 Rc8 11. cxd5 exd5 12. Ne5 Rc7 13. Ndf3 Nb8 14. dxc5 bxc5 15. Nd3 Nbd7 16. Nde5 Nb6 17. Qc2 Bd6 18. Rfd1 Re8 19. Nd3 d4 20. Nf4 Qa8 21. Qf5 h6 22. Ne1 Bxg2 23. Nexg2 Rce7 24. e3 Bxf4 25. exf4 Re2 26. Ba3 Ne4 27. Rf1 Nd2 28. Qxc5 d3 29. Nh4 Nxf1 0-1

[Event "Barcelona Tres Peons IM"]
[Site "Barcelona"]
[Date "2021.10.25"]
[Round "6"]
[White "Aranda Flores, Jordi"]
[Black "Munoz Pantoja, Miguel Angel"]
[Result "0-1"]
[WhiteElo "2176"]
[BlackElo "2454"]
[PlyCount "86"]
[EventDate "2021.09.20"]
[EventType "tourn"]
[EventRounds "9"]
[EventCountry "ESP"]
[EventCategory "2"]
[SourceTitle "EXT 2023"]
[Source "ChessBase"]
[SourceDate "2022.10.05"]
[SourceVersion "1"]
[SourceVersionDate "2022.10.05"]
[SourceQuality "1"]

1. Nf3 c5 2. g3 Nc6 3. Bg2 g6 4. c4 Bg7 5. Nc3 d6 6. a3 e6 7. b4 Nge7 8. Rb1 0-0 9. 0-0 e5 10. Ne1 Rb8 11. Nc2 Be6 12. Ne3 Qd7 13. Ned5 Bf5 14. d3 Nxd5 15. Bxd5 Ne7 16. Bg2 b6 17. Re1 h6 18. Bd2 Be6 19. Nd5 Nxd5 20. cxd5 Bh3 21. Bxh3 Qxh3 22. Qa4 Rb7 23. Qc6 Qc8 24. Qa4 f5 25. Qc6 Rd8 26. Rec1 Rc7 27. Qa4 f4 28. e4 Rf8 29. Qd1 Rcf7 30. gxf4 exf4 31. Qf3 g5 32. h3 Qa6 33. bxc5 bxc5 34. Rb3 Re7 35. Rc4 Rb7 36. Rxb7 Qxb7 37. Kg2 Qb3 38. a4 Be5 39. h4 Rf7 40. Kh2 Rg7 41. hxg5 hxg5 42. Qg4 f3+ 43. Kg1 Qd1+ 0-1

[Event "Barcelona Tres Peons IM"]
[Site "Barcelona"]
[Date "2021.09.27"]
[Round "2"]
[White "Ootes, Lars"]
[Black "Aranda Flores, Jordi"]
[Result "1-0"]
[WhiteElo "2376"]
[BlackElo "2176"]
[PlyCount "67"]
[EventDate "2021.09.20"]
[EventType "tourn"]
[EventRounds "9"]
[EventCountry "ESP"]
[EventCategory "2"]
[SourceTitle "EXT 2023"]
[Source "ChessBase"]
[SourceDate "2022.10.05"]
[SourceVersion "1"]
[SourceVersionDate "2022.10.05"]
[SourceQuality "1"]

1. e4 c5 2. Nf3 d6 3. d4 cxd4 4. Nxd4 Nf6 5. Nc3 a6 6. Bg5 e6 7. f4 Be7 8. Qf3 Qc7 9. 0-0-0 Nbd7 10. g4 h6 11. Bxf6 Bxf6 12. h4 Nb6 13. g5 Bxd4 14. Rxd4 Qc5 15. Qd3 Ke7 16. a4 hxg5 17. b4 Qc7 18. Qg3 Bd7 19. a5 Rac8 20. Kd2 gxf4 21. axb6 Qxb6 22. Qg5+ Kf8 23. Rd3 Bb5 24. Nxb5 Qf2+ 25. Be2 axb5 26. Rf1 Qxh4 27. Qxf4 Qxf4+ 28. Rxf4 Ke7 29. Rdf3 f6 30. Bxb5 g5 31. Rxf6 Rh2+ 32. Kd3 d5 33. Rf7+ Kd6 34. e5+ 1-0

[Event "Catalunya-chT Gp1"]
[Site "Barcelona"]
[Date "2020.02.22"]
[Round "6.6"]
[White "Aranda Flores, Jordi"]
[Black "Brusi Noguera, Ricardo Ll"]
[Result "1-0"]
[WhiteElo "2171"]
[BlackElo "2124"]
[PlyCount "66"]
[EventDate "2020.01.18"]
[EventType "team-tourn"]
[EventRounds "7"]
[EventCountry "ESP"]
[SourceTitle "CBM 195 Extra"]
[Source "ChessBase"]
[SourceDate "2020.05.31"]
[SourceVersion "1"]
[SourceVersionDate "2020.05.31"]
[SourceQuality "1"]
[WhiteTeam "Tres Peons"]
[BlackTeam "Sant Cugat"]
[WhiteTeamCountry "ESP"]
[BlackTeamCountry "ESP"]

1. Nf3 Nf6 2. c4 g6 3. b3 Bg7 4. Bb2 0-0 5. d4 d6 6. g3 e5 7. dxe5 Nfd7 8. Nc3 dxe5 9. Qd2 Re8 10. h4 e4 11. Ng5 Nc5 12. Nd5 f6 13. Qc3 h6 14. 0-0-0 Rf8 15. Qe3 Nd3+ 16. exd3 fxg5 17. Bxg7 Kxg7 18. dxe4 c6 19. Nc3 Qf6 20. hxg5 hxg5 21. e5 Qf3 22. Qxf3 Rxf3 23. Ne4 Bf5 24. Nf6 Kf7 25. Rd6 Na6 26. Rh7+ Kf8 27. Rh8+ Kf7 28. Rxa8 Rxf2 29. Bd3 Nb4 30. Bxf5 Nxa2+ 31. Kd1 Nc3+ 32. Ke1 Re2+ 33. Kf1 Rxe5 1-0

[Event "Catalunya-chT GpB final"]
[Site "Barcelona"]
[Date "2019.03.23"]
[Round "3.7"]
[White "Bruned Segura, Mario"]
[Black "Aranda Flores, Jordi"]
[Result "0-1"]
[WhiteElo "2067"]
[BlackElo "2158"]
[PlyCount "78"]
[EventDate "2019.03.09"]
[EventType "team-tourn"]
[EventRounds "4"]
[EventCountry "ESP"]
[SourceTitle "EXT 2020"]
[Source "ChessBase"]
[SourceDate "2019.10.17"]
[SourceVersion "1"]
[SourceVersionDate "2019.10.17"]
[SourceQuality "1"]
[WhiteTeam "Lleida"]
[BlackTeam "Tres Peons"]
[WhiteTeamCountry "ESP"]
[BlackTeamCountry "ESP"]

1. Nf3 g6 2. e4 Bg7 3. d4 d6 4. Nc3 Nf6 5. Be2 0-0 6. 0-0 a6 7. a4 Nc6 8. h3 Nd7 9. Bg5 h6 10. Be3 e5 11. dxe5 dxe5 12. Bc4 Nf6 13. Bc5 Re8 14. Qxd8 Nxd8 15. Rfd1 Be6 16. Bd5 Nxd5 17. Nxd5 Bxd5 18. Rxd5 Ne6 19. Be3 c6 20. Rd7 b5 21. b3 Rec8 22. Rb7 Rcb8 23. Rxb8+ Rxb8 24. axb5 axb5 25. Ra6 Rc8 26. Rb6 g5 27. g3 Kf8 28. Ne1 Ke8 29. Nd3 Kd7 30. c3 f6 31. f4 exf4 32. gxf4 Bf8 33. f5 Nd8 34. Ra6 Bd6 35. Bb6 c5 36. c4 bxc4 37. bxc4 Nb7 38. Ba5 Re8 39. Rb6 Nxa5 0-1

[Event "Catalunya-chT Gp1"]
[Site "Barcelona"]
[Date "2017.02.11"]
[Round "4.10"]
[White "Aranda Flores, Jordi"]
[Black "Suita Garceso, Nemesi"]
[Result "1/2-1/2"]
[WhiteElo "2145"]
[BlackElo "2086"]
[PlyCount "58"]
[EventDate "2017.01.21"]
[EventType "team-tourn"]
[EventRounds "7"]
[EventCountry "ESP"]
[SourceTitle "CBM 176 Extra"]
[Source "ChessBase"]
[SourceDate "2017.03.02"]
[SourceVersion "1"]
[SourceVersionDate "2017.03.02"]
[SourceQuality "1"]
[WhiteTeam "Tres Peons"]
[BlackTeam "Figueres"]
[WhiteTeamCountry "ESP"]
[BlackTeamCountry "ESP"]

1. d4 Nf6 2. c4 g6 3. g3 c6 4. Bg2 d5 5. Nf3 Bg7 6. 0-0 0-0 7. Nc3 Bf5 8. c5 b6 9. cxb6 axb6 10. Nh4 Be6 11. Qc2 Qc8 12. Rd1 Rd8 13. Na4 Nbd7 14. b3 Qb7 15. Bb2 Rac8 16. Rac1 Qa7 17. Nc3 Qa6 18. e3 c5 19. dxc5 Nxc5 20. Qb1 Bh6 21. Bf1 Qb7 22. Nb5 Bg4 23. Re1 Nce4 24. Qd3 Ng5 25. Bg2 Nh3+ 26. Kf1 Ng5 27. Kg1 Nh3+ 28. Kf1 Ng5 29. Kg1 Nh3+ 1/2-1/2

[Event "Oberliga Ost-B 1011"]
[Site "Germany"]
[Date "2010.11.14"]
[Round "3.4"]
[White "Aranda Flores, Jordi"]
[Black "Mueller, Horst1111"]
[Result "1/2-1/2"]
[WhiteElo "2140"]
[BlackElo "2199"]
[PlyCount "128"]
[EventDate "2010.10.24"]
[EventType "team-tourn"]
[EventRounds "11"]
[EventCountry "GER"]
[SourceTitle "EXT 2012"]
[Source "ChessBase"]
[SourceDate "2011.11.24"]
[SourceVersion "1"]
[SourceVersionDate "2011.11.24"]
[SourceQuality "1"]
[WhiteTeam "Hungen Lich"]
[BlackTeam "Offenbach"]
[WhiteTeamCountry "GER"]
[BlackTeamCountry "GER"]

1. d4 Nf6 2. c4 e6 3. Nf3 b6 4. g3 Bb7 5. Bg2 d5 6. 0-0 Be7 7. Nc3 0-0 8. cxd5 exd5 9. Ne5 c6 10. Nd3 Nbd7 11. Qb3 Re8 12. Nf4 Bd6 13. Re1 Re7 14. e4 dxe4 15. Nxe4 Nxe4 16. Rxe4 Rxe4 17. Bxe4 Nf6 18. Bf3 Qd7 19. Be3 Re8 20. Qd1 Rd8 21. Nd3 Nd5 22. Bd2 Re8 23. Qb3 h6 24. Re1 Rxe1+ 25. Nxe1 Kf8 26. Qd3 Nf6 27. Bg2 Kg8 28. Qf3 Nd5 29. Qe2 Qe7 30. Qxe7 Bxe7 31. Bxd5 cxd5 32. Nd3 f6 33. f3 a5 34. Kf2 Kf7 35. Bf4 Bd8 36. Bd6 Bc6 37. Ke3 h5 38. f4 Ke6 39. Bf8 g6 40. Ba3 Bb5 41. Ne1 Kf5 42. Kf3 Bf1 43. Kf2 Ba6 44. Kf3 g5 45. Bd6 Ke6 46. Ba3 g4+ 47. Ke3 Bb5 48. Bf8 Be8 49. Nc2 Bg6 50. Na3 Be8 51. Nc2 Bc7 52. Kd2 Bg6 53. Ne3 Be4 54. Kc3 Kd7 55. b3 Bd8 56. a4 Kc6 57. Ba3 b5 58. Bc5 b4+ 59. Kd2 f5 60. Bf8 Bf6 61. Bc5 h4 62. Ke1 h3 63. Nf1 Bd8 64. Nd2 Bc7 1/2-1/2

[Event "Mislata op-A"]
[Site "Mislata"]
[Date "2010.08.20"]
[Round "7"]
[White "Aranda Flores, Jordi"]
[Black "Ballester Llagaria, Luis Eduardo"]
[Result "0-1"]
[WhiteElo "2140"]
[BlackElo "2056"]
[PlyCount "50"]
[EventDate "2010.08.16"]
[EventType "swiss"]
[EventRounds "9"]
[EventCountry "ESP"]
[SourceTitle "CBM 138 Extra"]
[Source "ChessBase"]
[SourceDate "2010.10.29"]
[SourceVersion "1"]
[SourceVersionDate "2010.10.29"]
[SourceQuality "1"]

1. d4 d5 2. c4 dxc4 3. e3 Nf6 4. Bxc4 e6 5. Nf3 a6 6. 0-0 c5 7. Bb3 Nc6 8. Qe2 cxd4 9. Rd1 Be7 10. exd4 Na5 11. Bc2 b5 12. Nc3 Bb7 13. Bg5 Nd5 14. Ne4 Nc4 15. Bc1 Qc7 16. Nc5 Bxc5 17. dxc5 Qxc5 18. Ng5 Nf6 19. b3 Qe5 20. Qd3 Nb6 21. Be3 Nbd5 22. Bd2 Rd8 23. Ba5 Qxg5 24. Bxd8 Nf4 25. Qf1 Bxg2 0-1

[Event "Mislata op-A"]
[Site "Mislata"]
[Date "2010.08.19"]
[Round "5"]
[White "Navarrete Espi, Samuel"]
[Black "Aranda Flores, Jordi"]
[Result "0-1"]
[WhiteElo "2057"]
[BlackElo "2140"]
[PlyCount "84"]
[EventDate "2010.08.16"]
[EventType "swiss"]
[EventRounds "9"]
[EventCountry "ESP"]
[SourceTitle "CBM 138 Extra"]
[Source "ChessBase"]
[SourceDate "2010.10.29"]
[SourceVersion "1"]
[SourceVersionDate "2010.10.29"]
[SourceQuality "1"]

1. e4 c5 2. Nf3 d6 3. d4 cxd4 4. Nxd4 Nf6 5. Nc3 a6 6. Be3 e5 7. Nb3 Be6 8. f3 Be7 9. Qd2 0-0 10. 0-0-0 b5 11. g4 Nbd7 12. Rg1 b4 13. Nd5 Bxd5 14. exd5 a5 15. g5 Nh5 16. Kb1 a4 17. Nc1 Rb8 18. f4 Nxf4 19. Bxf4 exf4 20. Qxf4 Ne5 21. h4 Qc7 22. Rg2 a3 23. Nd3 axb2 24. Nxe5 dxe5 25. Qc4 Qb6 26. Qe4 Qc7 27. Bc4 Bd6 28. Bb3 Rbd8 29. h5 Kh8 30. Rf1 Qe7 31. Bc4 f6 32. gxf6 Rxf6 33. Rxf6 Qxf6 34. Bd3 Qh6 35. Kxb2 Rf8 36. Qh4 Rf4 37. Qd8+ Rf8 38. Qd7 e4 39. Bc4 Qf6+ 40. Kb1 Be5 41. Qb5 Qf3 42. Rg1 Qc3 0-1

[Event "Vilafranca del Penedes op 3rd"]
[Site "Vilafranca del Penedes"]
[Date "2009.05.22"]
[Round "5.3"]
[White "Morais Carreras, Javier"]
[Black "Aranda Flores, Jordi"]
[Result "0-1"]
[WhiteElo "2008"]
[BlackElo "2144"]
[PlyCount "133"]
[EventDate "2009.04.17"]
[EventType "swiss"]
[EventRounds "8"]
[EventCountry "ESP"]
[SourceTitle "EXT 2024"]
[Source "ChessBase"]
[SourceDate "2023.10.10"]
[SourceVersion "1"]
[SourceVersionDate "2023.10.10"]
[SourceQuality "1"]

1. e4 c5 2. Nf3 a6 3. c4 e6 4. d4 cxd4 5. Nxd4 Nf6 6. Nc3 Qc7 7. Be2 Be7 8. 0-0 0-0 9. Be3 d6 10. Rc1 Nbd7 11. Qc2 b6 12. b3 Bb7 13. f4 Rac8 14. Bf3 Qb8 15. Qb1 Qa8 16. f5 e5 17. Nde2 h6 18. Nd5 Bxd5 19. cxd5 Qb7 20. b4 b5 21. Rxc8 Rxc8 22. Rc1 Bd8 23. Rxc8 Qxc8 24. Qc1 Qxc1+ 25. Nxc1 Nb6 26. Bxb6 Bxb6+ 27. Kf1 g6 28. fxg6 fxg6 29. Ke2 h5 30. Kd3 g5 31. h3 g4 32. hxg4 hxg4 33. Bd1 Kg7 34. Ne2 Bf2 35. a4 bxa4 36. Bxa4 Be1 37. b5 axb5 38. Bxb5 Kg6 39. Ke3 Kg5 40. Bd3 Nh5 41. Bb5 Nf6 42. Ba6 Nd7 43. Bb5 Nc5 44. Nc1 Bg3 45. Ne2 Be1 46. Nc1 Ba5 47. Nd3 Nb3 48. Ba4 Bb6+ 49. Ke2 Nd4+ 50. Kf1 Kh4 51. Nb4 Kg3 52. Nc6 Kf4 53. Nxd4 exd4 54. Bd1 d3 55. Ke1 Ba5+ 56. Kf2 g3+ 57. Kf1 Kxe4 58. Bb3 Kd4 59. Ba4 Kxd5 60. Bb3+ Kd4 61. Ba4 Ke3 62. Bb3 d2 63. Ba4 d5 64. Bb3 d4 65. Ba4 d3 66. Bb3 Kd4 67. Bd1 0-1

[Event "Catalunya-chT Honor"]
[Site "Catalunya"]
[Date "2009.03.29"]
[Round "9"]
[White "Lopez Santana, Oscar"]
[Black "Aranda Flores, Jordi"]
[Result "1/2-1/2"]
[WhiteElo "2213"]
[BlackElo "2144"]
[PlyCount "104"]
[EventDate "2009.02.01"]
[EventType "team-tourn"]
[EventRounds "9"]
[EventCountry "ESP"]
[SourceTitle "EXT 2019"]
[Source "ChessBase"]
[SourceDate "2018.10.10"]
[SourceVersion "1"]
[SourceVersionDate "2018.10.10"]
[SourceQuality "1"]
[WhiteTeam "Foment Martinenc"]
[BlackTeam "Barbera"]
[WhiteTeamCountry "ESP"]
[BlackTeamCountry "ESP"]

1. e4 c5 2. Nc3 a6 3. g3 b5 4. Bg2 Bb7 5. d3 e6 6. f4 Nf6 7. Nf3 d5 8. e5 Nfd7 9. 0-0 Be7 10. Qe2 0-0 11. g4 Nc6 12. Bd2 Rc8 13. Nd1 Nd4 14. Nxd4 cxd4 15. c3 Bc5 16. Kh1 Qc7 17. Rc1 dxc3 18. Nxc3 Qb6 19. Be1 Bd4 20. Bf2 Bxf2 21. Qxf2 Qxf2 22. Rxf2 b4 23. Ne2 g5 24. d4 Rxc1+ 25. Nxc1 gxf4 26. Nd3 a5 27. Rc2 Rc8 28. Rxc8+ Bxc8 29. Nxf4 Ba6 30. Kg1 Nb8 31. Kf2 Nc6 32. Ke3 a4 33. Nd3 Kg7 34. Nc5 Bb5 35. Bf3 Kg6 36. h4 h6 37. Bd1 a3 38. Bc2+ Kg7 39. bxa3 bxa3 40. Ba4 Bxa4 41. Nxa4 Nb4 42. Nc3 Kg6 43. Nb5 Nxa2 44. Nxa3 Nc3 45. Kd2 Ne4+ 46. Ke3 h5 47. gxh5+ Kxh5 48. Nb5 Kxh4 49. Nd6 Ng5 50. Kf4 Nh3+ 51. Ke3 Ng5 52. Kf4 Nh3+ 1/2-1/2

[Event "Catalunya-chT Honor"]
[Site "Catalunya"]
[Date "2009.03.22"]
[Round "8"]
[White "Aranda Flores, Jordi"]
[Black "Roig Grau, Jesus"]
[Result "0-1"]
[WhiteElo "2144"]
[BlackElo "2170"]
[PlyCount "54"]
[EventDate "2009.02.01"]
[EventType "team-tourn"]
[EventRounds "9"]
[EventCountry "ESP"]
[SourceTitle "EXT 2019"]
[Source "ChessBase"]
[SourceDate "2018.10.10"]
[SourceVersion "1"]
[SourceVersionDate "2018.10.10"]
[SourceQuality "1"]
[WhiteTeam "Barbera"]
[BlackTeam "Ateneu Colon"]
[WhiteTeamCountry "ESP"]
[BlackTeamCountry "ESP"]

1. c4 e6 2. d4 d5 3. Nc3 c6 4. cxd5 exd5 5. Qc2 Nf6 6. Bg5 Be7 7. e3 0-0 8. Bd3 Nbd7 9. Nge2 Re8 10. 0-0 Nf8 11. f3 h6 12. Bh4 Ne6 13. Rad1 Ng5 14. Qd2 Nh5 15. Bf2 f5 16. Qc2 Qd7 17. h4 Nf7 18. e4 fxe4 19. fxe4 dxe4 20. Bxe4 Nf6 21. Bg6 Rf8 22. Nf4 Bd6 23. Nd3 Ng4 24. Bh7+ Kxh7 25. Bg3 Ne3 26. Qb1 Nxf1 27. Rxf1 Kg8 0-1